| 000 -LEADER |
| fixed length control field |
01334 a2200301 4500 |
| 003 - CONTROL NUMBER IDENTIFIER |
| control field |
OSt |
| 005 - DATE AND TIME OF LATEST TRANSACTION |
| control field |
20180116192347.0 |
| 008 - FIXED-LENGTH DATA ELEMENTS--GENERAL INFORMATION |
| fixed length control field |
120531t xxu||||| |||| 00| 0 eng d |
| 010 ## - LIBRARY OF CONGRESS CONTROL NUMBER |
| LC control number |
86006374 |
| 020 ## - INTERNATIONAL STANDARD BOOK NUMBER |
| International Standard Book Number |
0486251624 (pbk.) : |
| 020 ## - INTERNATIONAL STANDARD BOOK NUMBER |
| International Standard Book Number |
9780486251622 |
| 040 ## - CATALOGING SOURCE |
| Transcribing agency |
0 |
| 082 00 - DEWEY DECIMAL CLASSIFICATION NUMBER |
| Classification number |
746.44 |
| 245 00 - TITLE STATEMENT |
| Title |
400 floral motifs for designers, needleworkers, and craftspeople : |
| Remainder of title |
from the Wm. Briggs and Company Ltd. "Album of transfer patterns" / |
| Statement of responsibility, etc. |
edited by Carol Belanger Grafton. |
| 246 ## - VARYING FORM OF TITLE |
| Title proper/short title |
Four hundred floral motifs for designers, needleworkers, and craftspeople : |
| Remainder of title |
from the Wm. Briggs and Company Ltd. "Album of transfer patterns" |
| 260 ## - PUBLICATION, DISTRIBUTION, ETC. |
| Place of publication, distribution, etc. |
New York : |
| Name of publisher, distributor, etc. |
Dover Publications, |
| Date of publication, distribution, etc. |
1986. |
| 300 ## - PHYSICAL DESCRIPTION |
| Extent |
117 p. : |
| Other physical details |
chiefly ill. ; |
| Dimensions |
29 cm. |
| 440 #0 - SERIES STATEMENT/ADDED ENTRY--TITLE |
| Title |
Dover pictorial archive series |
| 9 (RLIN) |
2835 |
| 650 10 - SUBJECT ADDED ENTRY--TOPICAL TERM |
| Topical term or geographic name entry element |
Embroidery |
| General subdivision |
Patterns. |
| 9 (RLIN) |
2836 |
| 650 10 - SUBJECT ADDED ENTRY--TOPICAL TERM |
| Topical term or geographic name entry element |
Decoration and ornament |
| General subdivision |
Plant forms. |
| 9 (RLIN) |
2837 |
| 650 10 - SUBJECT ADDED ENTRY--TOPICAL TERM |
| Topical term or geographic name entry element |
House furnishings. |
| 9 (RLIN) |
2838 |
| 700 1# - ADDED ENTRY--PERSONAL NAME |
| Personal name |
Grafton, Carol Belanger. |
| 9 (RLIN) |
2839 |
| 710 22 - ADDED ENTRY--CORPORATE NAME |
| Corporate name or jurisdiction name as entry element |
Wm. Briggs and Company. |
| 9 (RLIN) |
2840 |
| 740 0# - ADDED ENTRY--UNCONTROLLED RELATED/ANALYTICAL TITLE |
| Uncontrolled related/analytical title |
Four hundred floral motifs for designers, needleworkers, and craftspeople. |
| 856 42 - ELECTRONIC LOCATION AND ACCESS |
| Materials specified |
Publisher description |
| Uniform Resource Identifier |
<a href="http://www.loc.gov/catdir/enhancements/fy0705/86006374-d.html">http://www.loc.gov/catdir/enhancements/fy0705/86006374-d.html</a> |
| 942 ## - ADDED ENTRY ELEMENTS (KOHA) |
| Institution code [OBSOLETE] |
SADA |
| Koha item type |
Book |
| Call number prefix |
746.44 FLO 1986 |
| Source of classification or shelving scheme |
|